000 02151nam a22002897a 4500
999 _c58173
_d58173
003 Ge_BSU
005 20210723133225.0
008 210723s2021 ge ||||| |||| 00| 0 geo d
020 _a9789941269967
041 _ageo
080 _a94(479.22.5)(095)(035) მ-63
245 _aმესხეთი ოსმალური დავთრების მიხედვით :
_bცნობარი /
_cდალი ნიკოლაიშვილი, დავით სართანია, ავთანდილ უჯმაჯურიძე, დარეჯან კირთაძე, მანანა კვენეტაძე; თსუ. ზუსტ და საბუნებისმეტყველო მეცნიერებათა ფაკულტეტი. გეოგრაფიის დეპარტამენტი. თსუ მუზეუმი. ივანე ჯავახიშვილის ცენტრი.
264 _aთბილისი :
_bუნივერსალი,
_c2021.
300 _a1423 გვ.;
_b30 სმ.
653 _aგეოგრაფია
653 _aმესხეთი
653 _aცნობარი
700 _aნიკოლაიშვილი, დალი
_eავტორი
_94827
700 _aსართანია, დავით
_eავტორი
_912315
700 _aუჯმაჯურიძე, ავთანდილ
_eავტორი
_912316
700 _aუჯმაჯურიძე, ავთანდილ
_eავტორი
_912317
700 _aკირთაძე, დარეჯან
_eავტორი
_912318
700 _aკვენეტაძე, მანანა
_eავტორი
_912319
710 _aთსუ
_bზუსტ და საბუნებისმეტყველო მეცნიერებათა ფაკულტეტი. გეოგრაფიის დეპარტამენტი
_912320
710 _aმუზეუმი. ივანე ჯავახიშვილის ცენტრი.
_912321
942 _2udc
_cBK